Logo BPK

Biblioteka

Politechniki Koszalińskiej

Dynamic characteristics of a full-scale seven-story reinforced concrete building - Part of the U.S.-Japan cooperative Research Program / (Rekord nr 23228)

Szczegóły MARC
000 -ETYKIETA REKORDU
podpole kontrolne o stałej długości 00530nam a2200169 i 4500
001 - NUMER KONTROLNY REKORDU
pole kontrolne bg
040 ## - ŹRÓDŁO KATALOGOWANIA
Instytucja, która utworzyła rekord BPK
041 ## - KOD JĘZYKA
Kod języka tekstu pol
080 ## - UNIWERSALNA KLASYFIKACJA DZIESIĘTNA - UKD
UKD 624
008 - POLE O STAŁEJ DŁUGOŚCI - DANE KONTROLNE
podpole kontrolne o stałej długości s pl f |000 0 pol
245 #0 - TYTUŁ/ODPOWIEDZIALNOŚĆ
Tytuł Dynamic characteristics of a full-scale seven-story reinforced concrete building - Part of the U.S.-Japan cooperative Research Program /
Pozostałe elementy strefy tytułu i oznaczenia odpowiedzialności by Yoshikazu Kitagawa [et al.].
260 ## - STREFA ADRESU WYDAWNICZEGO
Miejsce wydania Tokyo,
Data publikacji, dystrybucji/powstania dokumentu 1984.
490 1# - STREFA SERII I DOKUMENTU WIELOCZĘŚCIOWEGO - FORMA NIE DO WYSZUKIWANIA
Tytuł i oznaczenie odpowiedzialności serii Research Paper ;
Numeracja w obrębie serii no. 108
700 1# - HASŁO DODATKOWE - NAZWA OSOBOWA
Nazwa osobowa Kitagawa, Yoshikazu.
830 ## - HASŁO DODATKOWE SERII LUB DOKUMENTU WIELOCZĘŚCIOWEGO - TYTUŁ UJEDNOLICONY
Tytuł ujednolicony Research Paper ;
856 ## - LOKALIZACJA I DOSTĘP DO ELEKTRONICZNYCH DOKUMENTÓW ZDALNYCH
Link (URL) http://koha.tu.koszalin.pl/cgi-bin/koha/opac-detail.pl?biblionumber=23228
Tekst linku Katalog online BPK
942 ## - DODATKOWE ELEMENTY (KOHA)
Typ dokumentu Książka
Egzemplarze
Wycofany Status egzemplarza Uszkodzony Dostępność Lokalizacja stała Lokalizacja bieżąca Miejsce przechowywania Sygnatura Kod kreskowy Typ dokumentu
      Dostępny Biblioteka Politechniki Koszalińskiej Biblioteka Politechniki Koszalińskiej Wypożyczalnia BG 33281 01579635 Książka
© 2023 Biblioteka Politechniki Koszalińskiej :: KOHA